MARC details
| 000 -CABECERA |
| campo de control de longitud fija |
01329cam a2200325 a 4500 |
| 001 - NÚMERO DE CONTROL |
| campo de control |
000015868 |
| 005 - FECHA Y HORA DE LA ÚLTIMA TRANSACCIÓN |
| campo de control |
20200929164201.0 |
| 008 - DATOS DE LONGITUD FIJA--INFORMACIÓN GENERAL |
| campo de control de longitud fija |
960722s1995 ck b 101 0 spa d |
| 020 ## - NÚMERO INTERNACIONAL ESTÁNDAR DEL LIBRO |
| Número Internacional Estándar del Libro |
9589582605 |
| 035 ## - NÚMERO DE CONTROL DEL SISTEMA |
| Número de control de sistema |
(OCoLC)ocm35117700 |
| 040 ## - FUENTE DE LA CATALOGACIÓN |
| Centro catalogador/agencia de origen |
DO-SdBNP |
| Centro/agencia transcriptor |
IXA |
| Centro/agencia modificador |
OCL |
| -- |
DLC |
| 041 17 - CÓDIGO DE LENGUA |
| Código de lengua del texto/banda sonora o título independiente |
spaeng |
| 042 ## - CÓDIGO DE AUTENTICACIÓN |
| Código de autenticación |
lccopycat |
| 043 ## - CÓDIGO DE ÁREA GEOGRÁFICA |
| Código de área geográfica |
cl----- |
| 082 ## - NÚMERO DE LA CLASIFICACIÓN DECIMAL DEWEY |
| Número de clasificación |
100.8 |
| Número de documento/Ítem |
T758f |
| 049 ## - FONDOS LOCALES (OCLC) |
| Fondos de biblioteca |
BNGR |
| 111 2# - ENTRADA PRINCIPAL--NOMBRE DE CONGRESO/REUNIÓN |
| Nombre de congreso/reunión o jurisdicción como elemento de entrada |
Congreso Interamericano de Filosofía |
| Número del congreso/reunión o número de parte o sección |
(13th : |
| Fecha del congreso/reunión |
1994 : |
| Sede del congreso/Lugar de la reunión |
Universidad de los Andes) |
| 9 (RLIN) |
35734 |
| 245 13 - MENCIÓN DE TÍTULO |
| Título |
El trabajo filosófico de hoy en el Continente : |
| Resto del título |
actas del XIII Congreso Interamericano de Filosofía, Bogotá, julio 4 al 9 de 1994 / |
| Mención de responsabilidad, etc. |
editor ; Carlos B. Gutiérrez,. |
| 260 ## - PUBLICACIÓN, DISTRIBUCIÓN, ETC. |
| Lugar de publicación, distribución, etc. |
Bogotá : |
| Nombre del editor, distribuidor, etc. |
Sociedad Interamericana de Filosofía : |
| -- |
Sociedad Colombiana de Filosofía, |
| Fecha de publicación, distribución, etc. |
1995. |
| 300 ## - DESCRIPCIÓN FÍSICA |
| Extensión |
1196 ; |
| Dimensiones |
24 cm. |
| 546 ## - NOTA DE LENGUA/LENGUAJE |
| Nota de lengua/lenguaje |
Español e Inglés. |
| 500 ## - NOTA GENERAL |
| Nota general |
Celebrada en la Universidad de los Andes. |
| 504 ## - NOTA DE BIBLIOGRAFÍA, ETC. |
| Nota de bibliografía, etc. |
Incluye referncias bibliográfícas ynptas al pie de las páginas. |
| 504 ## - NOTA DE BIBLIOGRAFÍA, ETC. |
| Nota de bibliografía, etc. |
Incluye índice. |
| 650 #4 - PUNTO DE ACCESO ADICIONAL DE MATERIA--TÉRMINO DE MATERIA |
| Término de materia o nombre geográfico como elemento de entrada |
Filosofía latinoamericana |
| Subdivisión general |
Congresos,conferencias, etc. |
| 9 (RLIN) |
35735 |
| 700 1# - PUNTO DE ACCESO ADICIONAL--NOMBRE DE PERSONA |
| Nombre de persona |
Gutiérrez A., Carlos B., |
| Fechas asociadas al nombre |
1938- |
| Término indicativo de función/relación |
ed. |
| 9 (RLIN) |
35736 |
| 710 2# - PUNTO DE ACCESO ADICIONAL--NOMBRE DE ENTIDAD CORPORATIVA |
| Nombre de entidad corporativa o nombre de jurisdicción como elemento de entrada |
Sociedad Interamericana de Filosofia. |
| 9 (RLIN) |
35737 |
| 710 2# - PUNTO DE ACCESO ADICIONAL--NOMBRE DE ENTIDAD CORPORATIVA |
| Nombre de entidad corporativa o nombre de jurisdicción como elemento de entrada |
Sociedad Colombiana de Filosofia. |
| 9 (RLIN) |
35738 |
| 910 ## - DATOS DE OPCIÓN DEL USUARIO (OCLC) |
| Datos de opción del usuario |
Catalogación por copia / LC |